Maiores cidades da América do Sul - Statistics

Estatísticas Gerais
  • Esse quiz foi jogado 170 vezes
  • A pontuação média é 8 de 10
Estatísticas das Respostas
População Cidade % Correto
21.7 São Paulo
100%
15 Buenos Aires
99%
13.4 Río de Janeiro
99%
10.6 Bogotá
95%
10.4 Lima
93%
6.7 Santiago
91%
6 Belo Horizonte
78%
4.5 Brasília
70%
4 Fortaleza
57%
4 Recife
45%
Nenhum quiz correspondente encontrado
Distribuição das Pontuações
Porcentagem de Pessoas com Cada Pontuação
Percentil de Números Respondidos
Sua Pontuação Histórica
Você não jogou esse quiz